Państwa Europy z mapą - Statystyki

Ogólne statystyki
  • Ten quiz został rozwiązany 327 razy
  • Średni wynik to 26 z 45
Odpowiedzi na mapie
Odpowiedzi zakodowano w zielono-czerwonej skali na mapie do tego quizu, zgodnie z poniższymi procentami.
 
Statystyki odpowiedzi
Odpowiedź % Poprawnych
Rosja
91%
Polska
89%
Niemcy
82%
Ukraina
81%
Białoruś
79%
Czechy
79%
Słowacja
73%
Grecja
70%
Francja
68%
Włochy
66%
Hiszpania
65%
Rumunia
65%
Mołdawia
64%
Chorwacja
63%
Portugalia
63%
Austria
60%
Watykan
60%
Albania
56%
Bośnia i Hercegowina
56%
Bułgaria
56%
Szwajcaria
56%
Węgry
56%
Wielka Brytania
56%
Holandia
55%
Andora
54%
Serbia
54%
Estonia
52%
San Marino
52%
Liechtenstein
51%
Belgia
50%
Irlandia
50%
Litwa
50%
Macedonia
50%
Norwegia
50%
Dania
49%
Finlandia
49%
Islandia
48%
Monako
48%
Łotwa
47%
Słowenia
47%
Szwecja
47%
Czarnogóra
45%
Malta
44%
Kosowo
40%
Luksemburg
22%
Nie znaleziono quizów pasujących do podanych kryteriów
Rozkład punktacji
Procent ludzi z każdym wynikiem
Percentyl według liczby udzielonych odpowiedzi
Twoja historia wyników
Nie rozwiązałeś tego quizu